Patrimonio cultural de la humanidad: responsabilidad común

Uloženo v:
Podrobná bibliografie
Korporativní autor: UNESCO. División Patrimonio Cultural
Médium: Text
Vydáno: París: La Organzación
Tagy: Přidat tag
Žádné tagy, Buďte první, kdo vytvoří štítek k tomuto záznamu!

MARC

LEADER 00000 a a2200000 04500
001 14241
003
040
090 |a 021900  
110 |a UNESCO. División Patrimonio Cultural  
245 |a Patrimonio cultural de la humanidad: responsabilidad común  
260 |a París:   |b La Organzación  
300 |a 94 p.  
999 |c 13296  |d 13296